Part 8: Additional requirements for aluminium and aluminium alloy piping; Metallic Industrial Piping

Dettagli Bibliografici
Parent link:Metallic Industrial Piping. Part 8: Additional requirements for aluminium and aluminium alloy piping.— official edition.— , 2012
Lingua:inglese
Pubblicazione: 2012
Soggetti:
Natura: MixedMaterials Libro
KOHA link:https://koha.lib.tpu.ru/cgi-bin/koha/opac-detail.pl?biblionumber=250936

MARC

LEADER 00000nam2a2200000 4500
001 250936
005 20231101232617.0
010 |a 9780580782626 
029 1 0 |a GB  |b 13480-8:2012  |c BS EN 
035 |a (RuTPU)RU\TPU\book\273176 
035 |a RU\TPU\book\273160 
090 |a 250936 
100 |a 20140218d2012 k f0engy50 ba 
101 0 |a eng 
102 |a GB 
105 |a a l 001zy 
122 2 |a d2007121020  |a d2007121020 
200 0 |a Part 8: Additional requirements for aluminium and aluminium alloy piping 
210 |d 2012 
215 |a 37 p.  |c il. 
320 |a Bibliography: p. 37. 
461 1 |0 (RuTPU)RU\TPU\book\273311  |t Metallic Industrial Piping  |v Part 8: Additional requirements for aluminium and aluminium alloy piping  |e official edition  |d 2012  |s BSI Standards Publication 
606 1 |a Трубопроводы алюминиевые  |2 stltpush  |3 (RuTPU)RU\TPU\subj\61776  |9 78939 
610 1 |a трубопроводный транспорт 
610 1 |a трубопроводы из цветных металлов 
610 1 |a алюминий 
610 1 |a сплавы 
610 1 |a требования 
610 1 |a стандарты 
675 |a 621.643.2-034  |v 3 
801 1 |a RU  |b 63413507  |c 20140218 
801 2 |a RU  |b 63413507  |c 20221213  |g RCR 
942 |c BK